BIBLIOTECA PODER JUDICIAL
Portal Judicial TDF

Las obligaciones en el derecho constitucional / (Registro nro. 609)

000 -LEADER
fixed length control field 00581nam a22001937a 4500
003 - CONTROL NUMBER IDENTIFIER
control field OSt
005 - DATE AND TIME OF LATEST TRANSACTION
control field 20190104102722.0
008 - FIXED-LENGTH DATA ELEMENTS--GENERAL INFORMATION
fixed length control field 180320b xxu||||| |||| 00| 0 spa d
020 ## - INTERNATIONAL STANDARD BOOK NUMBER
International Standard Book Number 9505740476
040 ## - CATALOGING SOURCE
Transcribing agency PJ
100 ## - ASIENTO PRINCIPAL - NOMBRE DE PERSONA
9 (RLIN) 90
Personal name Bidart Campos, Germán José
245 13 - MENCIÓN DE TÍTULO
Título propiamente dicho Las obligaciones en el derecho constitucional /
Mención de responsabilidad, etc Germán J. Bidart Campos.
260 ## - PUBLICATION, DISTRIBUTION, ETC. (IMPRINT)
Place of publication, distribution, etc Buenos Aires :
Name of publisher, distributor, etc Ediar,
Date of publication, distribution, etc 1987.
300 ## - DESCRIPCION FISICA
Extent 148 p.
500 ## - NOTA GENERAL
General note Notas al pie de algunas páginas.
650 #0 - ASIENTO SECUNDARIO DE MATERIA - TERMINO TEMATICO
9 (RLIN) 178
Topical term or geographic name as entry element DERECHO CONSTITUCIONAL
650 #0 - ASIENTO SECUNDARIO DE MATERIA - TERMINO TEMATICO
9 (RLIN) 843
Topical term or geographic name as entry element OBLIGACIONES
942 ## - ADDED ENTRY ELEMENTS (KOHA)
Source of classification or shelving scheme
Koha item type Libros
Classification part 342.4
Item part BID
Existencias
Withdrawn status Lost status Source of classification or shelving scheme Damaged status Not for loan Permanent Location Current Location Date acquired Full call number Barcode Date last seen Price effective from Koha item type
          Biblioteca Poder Judicial Sur Biblioteca Poder Judicial Sur 2018-05-28 342.4 BID 2311 2018-05-28 2018-05-28 Libros

12 de Octubre 789 Ushuaia - Tel:  54(02901)441571
Horario de Atención: 8.00 a 17.00 hs. 
bibliotecaush@justierradelfuego.gov.ar
koha@justierradelfuego.gov.ar
Seguinos en nuestras redes @bibliojustdf 

Con tecnología Koha